<?xml version="1.0" encoding="UTF-8"?>
<record
    xmlns:xsi="http://www.w3.org/2001/XMLSchema-instance"
    xsi:schemaLocation="http://www.loc.gov/MARC21/slim http://www.loc.gov/standards/marcxml/schema/MARC21slim.xsd"
    xmlns="http://www.loc.gov/MARC21/slim">

  <leader>00537nam a2200169Ia 4500</leader>
  <controlfield tag="008">220531s9999    xx            000 0 und d</controlfield>
  <datafield tag="041" ind1=" " ind2=" ">
    <subfield code="a">eng</subfield>
  </datafield>
  <datafield tag="100" ind1=" " ind2=" ">
    <subfield code="a">&#x92F;&#x947;&#x935;&#x932;&#x947;, &#x938;&#x941;&#x927;&#x940;&#x930; &#x906;&#x923;&#x93F; &#x907;&#x924;&#x930;</subfield>
    <subfield code="9">71698</subfield>
  </datafield>
  <datafield tag="245" ind1=" " ind2=" ">
    <subfield code="a">&#x92E;&#x93E;&#x928;&#x935;&#x940; &#x939;&#x915;&#x94D;&#x915; &#x906;&#x923;&#x93F; &#x938;&#x93E;&#x92E;&#x93E;&#x91C;&#x93F;&#x915; &#x928;&#x94D;&#x92F;&#x93E;&#x92F;&#x93E;&#x91A;&#x93E; &#x92A;&#x930;&#x93F;&#x91A;&#x92F;</subfield>
  </datafield>
  <datafield tag="250" ind1=" " ind2=" ">
    <subfield code="a">1 st</subfield>
  </datafield>
  <datafield tag="260" ind1=" " ind2=" ">
    <subfield code="a">Pune</subfield>
    <subfield code="b">Nirali</subfield>
    <subfield code="c">2022</subfield>
  </datafield>
  <datafield tag="300" ind1=" " ind2=" ">
    <subfield code="a">3.2</subfield>
  </datafield>
  <datafield tag="542" ind1=" " ind2=" ">
    <subfield code="d">15-04-2022</subfield>
  </datafield>
  <datafield tag="650" ind1=" " ind2=" ">
    <subfield code="a">Sociology</subfield>
    <subfield code="9">71699</subfield>
  </datafield>
  <datafield tag="906" ind1=" " ind2=" ">
    <subfield code="c">T.Y.B.A.</subfield>
    <subfield code="d">2022-2023</subfield>
    <subfield code="f">20574</subfield>
  </datafield>
  <datafield tag="999" ind1=" " ind2=" ">
    <subfield code="c">40081</subfield>
    <subfield code="d">40081</subfield>
  </datafield>
  <datafield tag="952" ind1=" " ind2=" ">
    <subfield code="0">0</subfield>
    <subfield code="1">0</subfield>
    <subfield code="2">ddc</subfield>
    <subfield code="4">0</subfield>
    <subfield code="7">0</subfield>
    <subfield code="8">ARTS</subfield>
    <subfield code="a">SSMM</subfield>
    <subfield code="b">SSMM</subfield>
    <subfield code="d">2022-05-02</subfield>
    <subfield code="e">Nirali</subfield>
    <subfield code="g">40.00</subfield>
    <subfield code="l">5</subfield>
    <subfield code="n">5</subfield>
    <subfield code="o">/24940</subfield>
    <subfield code="p">SSMM-BK-24940</subfield>
    <subfield code="r">2026-02-17 15:02:38</subfield>
    <subfield code="s">2026-02-13</subfield>
    <subfield code="v">40.00</subfield>
    <subfield code="w">2022-08-06</subfield>
    <subfield code="y">BK</subfield>
    <subfield code="z">010024940</subfield>
  </datafield>
</record>
